| 000 | 01290cam a22003134a 4500 | ||
|---|---|---|---|
| 001 | 12580757 | ||
| 005 | 20030425114442.0 | ||
| 008 | 011105s2002 nyua b s001 0 eng | ||
| 010 | _a2001055122 | ||
| 020 | _a0791454606 (pbk. : alk. paper) | ||
| 020 | _a0791454592 (alk. paper) | ||
| 040 |
_aDLC _cDLC _dDLC |
||
| 042 | _apcc | ||
| 050 | 0 | 0 |
_aJZ1320 _b.P65 2002 |
| 082 | 0 | 0 |
_a327.101 _221 _bPOL |
| 245 | 0 | 0 |
_aPolitical Space : _bFrontiers of Change and Governance in a Globalizing World / _cedited by Yale H. Ferguson and R.J. Barry Jones. |
| 260 |
_aAlbany : _bState University of New York Press, _cc2002. |
||
| 300 |
_avi, 319 p. : _bill. ; _c23 cm. |
||
| 440 | 0 |
_aSUNY series in global politics _96691 |
|
| 504 | _aIncludes bibliographical references and index. | ||
| 650 | 0 |
_aGlobalization. _96692 |
|
| 650 | 0 |
_aInternational relations. _96693 |
|
| 650 | 0 |
_aPolitical geography. _96694 |
|
| 700 | 1 |
_aFerguson, Yale H. _96695 |
|
| 700 | 1 |
_aJones, R. J. Barry. _96696 |
|
| 942 |
_2ddc _cBB |
||
| 999 |
_c11963 _d11963 |
||